| 000 | 00416nam a2200169Ia 4500 | ||
|---|---|---|---|
| 005 | 20240823010715.0 | ||
| 008 | 240823s9999||||xx |||||||||||||| ||und|| | ||
| 082 | _A658.83 P0 | ||
| 100 | _a"Stevens,Robert [et al]" | ||
| 245 | 4 | _aThe Marketing Research Guide | |
| 250 | _a1st | ||
| 260 |
_c2000 _b"Viva,New Delhi" |
||
| 500 | _aYES | ||
| 650 |
_aManagement _bManagement Studies |
||
| 942 | _cBK | ||
| 999 |
_c159417 _d159417 |
||